000 00374nam a22001337a 4500
008 120621t xxu||||| |||| 00| 0 eng d
020 _a2090334681
050 _aPC2129.E5 G454
100 _aGirardet, Jacky
245 _aPanoroma: dela langue francaise. /
_cJacky, Girardet
260 _bCle International Sejer,
_c2004.
300 _a191 p.:
_bill.:
_c26cm.
942 _2lcc
_cBK
999 _c1526
_d9026